000 00457nam a2200157 4500
001 131309
003 ES-MaACL
005 20230906193946.0
007 t|
008 070214s1967 sp r ||||1| spa d
100 1 _aRodríguez, Cirilo.
_998223
245 1 3 _aEl mundo de Mrs. Dibble
_b: crónicas de América /
_cCirilo Rodríguez.
260 _aSegovia :
_bRadio,
_c1967.
300 _a218 p., 12 lám. ;
_c21 cm.
852 _aES-MaACL
_jC-32796
_bR.63262
999 _c131309
_d131309